000 01682nam0a2200361 4500
001 RU\NLR\bibl\1757392
005 20250616122756.0
010 _a978-5-8021-1091-1
_980
021 _aRU
_b2011-20485
_91442
035 _a(nilc)LIBNET\0000046690
035 _a(NLR Aleph) 001748222
090 _a1502266
_c1502266
100 _a20100703d2009 |||y0rusy50 ca
101 0 _arus
102 _aRU
105 _aa |||||||||
200 1 _aАлгоритмы сравнения графов и теоретико-графовых моделей
_eучебное пособие
_fН. Д. Москин
_gФедер. агентство по образованию, Гос. образоват. учреждение высш. проф. образования Петрозав. гос. ун-т
210 _aПетрозаводск
_cИзд-во ПетрГУ
_d2009
215 _a82, [1] с.
_cил.
_d21
320 _aБиблиогр.: с. 78-82 (59 назв.)
606 1 _aАлгоритмы на графах
_jУчебные издания для высших учебных заведений
_91884121
_3RU\NLR\auth\66856426
606 1 _aГрафов теория
_jУчебные издания для высших учебных заведений
_92181499
_3RU\NLR\auth\661311836
686 _a22.174.2я73
_vLBC/RL
_2rubbk
686 _aВ182.1я73-1
686 _aЗ973.2-018я73-1
700 1 _aМоскин
_bН. Д.
_gНиколай Дмитриевич
_4070
801 0 _aRU
_bНБР Карелия
_c20100703
_grcr
801 1 _aRU
_bНБР Карелия
_c20100703
801 2 _aRU
_bNLR
_c20110411
_grcr
830 _aпо кн
942 _cBOOK
980 _aNB